000 01121nas a2200373 4500
001 BR0703825
003 BR-BrBNA
005 20231205110929.0
007 ta
008 230509b bl.|||p| |||| 00| 00por d
040 _aBR-BrBNA
_bpor
_cBiblioteca Nacional de Agricultura
041 _a(Pt)
072 _aL02; Q54
100 1 _aCosta, P.B.
100 1 _aStumpf Júnior, W.
100 1 _aNörnberg, J.L.
100 1 _aFischer, V.
100 1 _aQueiroz, A.C. de
100 1 _aMello, R.
245 1 _aSuplementação de lipídeos de diferentes fontes em dietas para cacas Jersey na fase inicial de lactação
650 _aGADO JERSEY
650 _aVACA LEITEIRA
650 _aLACTAÇÃO
650 _aLIPÍDEO
650 _aDIETA
650 _aSUPLEMENTAÇÃO ALIMENTAR
650 _aPRODUÇÃO LEITEIRA
650 _aBROMATOLOGIA
650 _aCOMPOSIÇÃO QUÍMICA
650 _aMODELO MATEMÁTICO
773 0 _tRevista Brasileira de Zootecnia (Brazil)
_xISSN 1516-3598
_g(Jul-Aug 2007), v. 36(4) p. 888-895
_wBR0703825
909 _a202311
_bLúcia
_c55
_dLúcia Elande
942 _2AGRIS
_n0
_cANA
999 _c189815
_d189815